[Event "Rio de Janeiro op 3rd"]
[Site "Rio de Janeiro"]
[Date "2024.04.23"]
[Round "3"]
[White "Lima, Juarez Antonio A de"]
[Black "Gomes, Genildo de Souza"]
[Result "1/2-1/2"]
[WhiteElo "1894"]
[BlackElo "1723"]
[PlyCount "91"]
[EventDate "2024.04.22"]
[EventType "swiss"]
[EventRounds "9"]
[EventCountry "BRA"]
[SourceTitle "CBM 219 Extra"]
[Source "ChessBase"]
[SourceDate "2024.05.31"]
[SourceVersion "1"]
[SourceVersionDate "2024.05.31"]
[SourceQuality "1"]

1. e4 e6 2. d4 d5 3. Nc3 Nf6 4. Bg5 Bb4 5. e5 h6 6. exf6 hxg5 7. fxg7 Rg8 8. Qf3 Rxg7 9. a3 g4 10. Qe3 Bxc3+ 11. Qxc3 Nd7 12. 0-0-0 Nf6 13. Bd3 Qd6 14. Ne2 Bd7 15. Kb1 0-0-0 16. g3 Qb6 17. Nf4 Bb5 18. h4 gxh3 19. Nxh3 Bxd3 20. cxd3 Ng4 21. Rde1 Rh8 22. f3 Rgh7 23. fxg4 Rxh3 24. Rhg1 Qd6 25. Ref1 Rf8 26. Qe1 Qb6 27. Qf2 Qb3 28. Qd2 Rfh8 29. Qc2 Qxc2+ 30. Kxc2 R8h7 31. Rf3 Kd7 32. Kc3 a5 33. Rgf1 Ke7 34. Kb3 b5 35. Kc3 Rg7 36. Kd2 Rhh7 37. Rf4 Rh2+ 38. Kc3 Rhh7 39. R1f2 Rg5 40. Re2 Rhg7 41. Rf5 c6 42. Re3 Rxg4 43. Rff3 Rh7 44. b4 a4 45. Rf2 Rhg7 46. Rff3 1/2-1/2

[Event "Rio de Janeiro Andrade Memorial 3rd"]
[Site "Rio de Janeiro"]
[Date "2019.08.10"]
[Round "1"]
[White "Costa, Carlos Evanir"]
[Black "Lima, Juarez Antonio A de"]
[Result "1-0"]
[WhiteElo "2220"]
[BlackElo "1849"]
[PlyCount "69"]
[EventDate "2019.08.10"]
[EventType "swiss"]
[EventRounds "6"]
[EventCountry "BRA"]
[SourceTitle "EXT 2021"]
[Source "ChessBase"]
[SourceDate "2020.10.23"]
[SourceVersion "1"]
[SourceVersionDate "2020.10.23"]
[SourceQuality "1"]

1. d4 d5 2. c4 e6 3. Nf3 Nf6 4. g3 Nc6 5. Bg2 Be7 6. 0-0 0-0 7. Nc3 Re8 8. Ne5 Nb8 9. Bg5 c6 10. Qc2 Nbd7 11. Rad1 Nxe5 12. dxe5 Nd7 13. Bxe7 Qxe7 14. cxd5 exd5 15. e4 Nb6 16. exd5 cxd5 17. Nxd5 Nxd5 18. Rxd5 Be6 19. Rc5 Rac8 20. Rc1 Rxc5 21. Qxc5 b6 22. Qxe7 Rxe7 23. f4 g6 24. a3 Kg7 25. Kf2 Rd7 26. Ke3 h5 27. Bf1 Kh6 28. Bb5 Re7 29. Rc3 g5 30. Ke4 Kg6 31. Rc6 Kg7 32. f5 Kf8 33. fxe6 fxe6 34. Bc4 Kf7 35. Rxe6 1-0

[Event "Rio de Janeiro Duchamp op"]
[Site "Rio de Janeiro"]
[Date "2017.11.17"]
[Round "8"]
[White "Lima, Juarez Antonio A de"]
[Black "Farias, Sergio Luiz Cardoso"]
[Result "0-1"]
[WhiteElo "1890"]
[BlackElo "1572"]
[PlyCount "110"]
[EventDate "2017.11.11"]
[EventType "swiss"]
[EventRounds "9"]
[EventCountry "BRA"]
[SourceTitle "CBM 181 Extra"]
[Source "ChessBase"]
[SourceDate "2017.12.12"]
[SourceVersion "1"]
[SourceVersionDate "2017.12.12"]
[SourceQuality "1"]

1. e4 d5 2. exd5 Qxd5 3. Nc3 Qa5 4. Be2 e5 5. Nf3 Bd6 6. 0-0 Nf6 7. d3 c6 8. Bg5 Nbd7 9. Re1 0-0 10. Ne4 Bb8 11. Ng3 h6 12. Bd2 Qb6 13. Nh4 Nh7 14. Nhf5 Ndf6 15. Bg4 Kh8 16. Qc1 Nxg4 17. Re2 Re8 18. h3 Bxf5 19. Nxf5 Ngf6 20. Kh1 Ng8 21. g4 Re6 22. c4 c5 23. f3 Qc6 24. Qf1 Ne7 25. Ng3 Bc7 26. Rd1 Rf8 27. h4 f5 28. g5 e4 29. Kg2 Bxg3 30. Kxg3 f4+ 31. Kh2 hxg5 32. dxe4 Rh6 33. Kg1 Rxh4 34. Bc3 Qh6 35. Qg2 Rh3 36. Kf2 Rh2 37. Rd7 Qh4+ 38. Kg1 Rxg2+ 39. Rxg2 Re8 40. Rxb7 Qh3 41. Kf2 Nf6 42. e5 Ne4+ 43. fxe4 Qe3+ 44. Kf1 f3 45. Rh2+ Kg8 46. Bd2 Qxe4 47. Rxa7 Qxc4+ 48. Kf2 Qe2+ 49. Kg3 Nf5+ 50. Kh3 Qf1+ 51. Kg4 Nh6+ 52. Kh5 Qg1 53. Rh4 gxh4 54. Bxh6 Rxe5+ 55. Kxh4 Re4+ 0-1

[Event "Rio de Janeiro Andrade Memorial 1st"]
[Site "Rio de Janeiro"]
[Date "2017.06.17"]
[Round "4"]
[White "Perez, Bruno Garcia"]
[Black "Lima, Juarez Antonio A de"]
[Result "1/2-1/2"]
[WhiteElo "1805"]
[BlackElo "1897"]
[PlyCount "126"]
[EventDate "2017.06.15"]
[EventType "swiss"]
[EventRounds "6"]
[EventCountry "BRA"]
[SourceTitle "EXT 2018"]
[Source "ChessBase"]
[SourceDate "2017.10.13"]
[SourceVersion "1"]
[SourceVersionDate "2017.10.13"]
[SourceQuality "1"]

1. d4 d5 2. Bf4 Nf6 3. Nf3 e6 4. e3 Nbd7 5. c4 Bb4+ 6. Nc3 0-0 7. a3 Bxc3+ 8. bxc3 c5 9. Bd3 cxd4 10. cxd4 Re8 11. c5 Ne4 12. Bxe4 dxe4 13. Nd2 f5 14. Nc4 Nf6 15. Bg5 Rf8 16. 0-0 Bd7 17. Qb3 Bc6 18. Nd6 Qd7 19. Bxf6 Rxf6 20. g3 h6 21. f3 exf3 22. Nc4 Bd5 23. Ne5 Qc7 24. Qb2 Kh7 25. Nxf3 Bxf3 26. Rxf3 Qc6 27. Kf2 Re8 28. Rb1 Re7 29. h4 h5 30. Qb5 Qd5 31. Qb3 Qd8 32. Qa4 b6 33. cxb6 axb6 34. Qb5 Qd6 35. Qxb6 Qxa3 36. Rb3 Qa1 37. Rb1 Qc3 38. Qb2 Qd3 39. Qb5 Qc2+ 40. Kg1 Ra7 41. Rf2 Qe4 42. Qb3 Rff7 43. Rf4 Qc6 44. Rbf1 Rfb7 45. Qd1 g6 46. Qc1 Qd7 47. Qc5 Rb3 48. d5 e5 49. Rb4 Rc7 50. Qxc7 Qxc7 51. Rxb3 Qc5 52. Ra1 Qxd5 53. Ra7+ Kh6 54. Rbb7 Qd1+ 55. Kf2 Qd2+ 56. Kf1 Qd3+ 57. Kf2 Qc2+ 58. Kf1 Qc4+ 59. Kf2 Qg8 60. Rf7 e4 61. Kg2 Qh8 62. Rfb7 Qg8 63. Rf7 Qh8 1/2-1/2

[Event "Rio de Janeiro Padua Memorial 1st"]
[Site "Rio de Janeiro"]
[Date "2016.10.29"]
[Round "6"]
[White "Manzi, Luiz Antonio Bardao"]
[Black "Lima, Juarez Antonio A de"]
[Result "1-0"]
[WhiteElo "2051"]
[BlackElo "1875"]
[PlyCount "77"]
[EventDate "2016.10.22"]
[EventType "swiss"]
[EventRounds "6"]
[EventCountry "BRA"]
[SourceTitle "EXT 2018"]
[Source "ChessBase"]
[SourceDate "2017.10.13"]
[SourceVersion "1"]
[SourceVersionDate "2017.10.13"]
[SourceQuality "1"]

1. e4 e6 2. d3 Nc6 3. g3 Nf6 4. Bg2 d6 5. Nf3 Be7 6. 0-0 e5 7. c4 Bg4 8. h3 Bh5 9. Be3 0-0 10. Nc3 b6 11. Qd2 Na5 12. Nh4 Bg6 13. Nf5 Rc8 14. g4 c6 15. f4 Bxf5 16. gxf5 Nd7 17. Kh1 Bf6 18. Rg1 Kh8 19. Rab1 Nb7 20. b4 exf4 21. Bxf4 Bxc3 22. Qxc3 f6 23. d4 Qe7 24. Qg3 Rfd8 25. Rbe1 Qf7 26. Bf1 c5 27. bxc5 dxc5 28. e5 fxe5 29. dxe5 Nf8 30. e6 Nxe6 31. fxe6 Qe7 32. Bg5 Qd6 33. Bxd8 Qxg3 34. Rxg3 Rxd8 35. Bg2 Na5 36. e7 Re8 37. Rf3 Kg8 38. Rf8+ Rxf8 39. Bd5+ 1-0

[Event "Rio de Janeiro Autumn op"]
[Site "Rio de Janeiro"]
[Date "2016.03.26"]
[Round "4"]
[White "Lima, Juarez Antonio A de"]
[Black "Cifuentes Goncalves, Luiz Osvaldo"]
[Result "1-0"]
[WhiteElo "1878"]
[BlackElo "1778"]
[PlyCount "51"]
[EventDate "2016.03.25"]
[EventType "swiss"]
[EventRounds "6"]
[EventCountry "BRA"]
[SourceTitle "CBM 171 Extra"]
[Source "ChessBase"]
[SourceDate "2016.04.26"]
[SourceVersion "1"]
[SourceVersionDate "2016.04.26"]
[SourceQuality "1"]

1. d4 Nf6 2. c4 e6 3. Nc3 b6 4. e4 Bb4 5. Bd3 Bb7 6. Qe2 0-0 7. Nf3 d5 8. cxd5 exd5 9. e5 Ne4 10. Qc2 c5 11. 0-0 cxd4 12. Nxe4 dxe4 13. Bxe4 Bxe4 14. Qxe4 Na6 15. Nxd4 Bc5 16. Nf5 Re8 17. Bf4 g6 18. Nh6+ Kg7 19. Rad1 Qc8 20. Bg5 Be7 21. Bf6+ Bxf6 22. exf6+ Kf8 23. Qh4 Qc5 24. Rd7 Re6 25. Rxf7+ Ke8 26. Rxh7 1-0